Wishbone - Album (Conan Gray) - Statistics

General Stats
  • This quiz has been taken 122 times
  • The average score is 11 of 12
Answer Stats
# Title % Correct
1. Actor
97%
3. Vodka Cranberry
97%
11. Eleven Eleven
95%
8. Caramel
93%
4. Romeo
93%
2. This Song
93%
7. Nauseous
92%
9. Connell
90%
12. Care
89%
10. Sunset Tower
88%
5. My World
86%
6. Class Clown
83%
No matching quizzes found
Score Distribution
Percent of People with Each Score
Percentile by Number Answered
Your Score History
You have not taken this quiz